| 000 | 01494cam a2200457 a 4500 | ||
|---|---|---|---|
| 001 | 243551 | ||
| 003 | GZU | ||
| 005 | 20260323071215.0 | ||
| 008 | 990616s1997 enka b 000 0 eng d | ||
| 010 | _a 99217005 | ||
| 020 | _a0855983930 | ||
| 020 | _a9780855983932 | ||
| 022 | _a. | ||
| 035 | _a243551 | ||
| 035 | _a(DLC) 99217005 | ||
| 035 | _a(OCoLC)40282845 | ||
| 040 |
_aMBB _cMBB _dGZULib _beng _erda |
||
| 042 | _alccopycat | ||
| 043 | _ae-uk--- | ||
| 050 | 0 | 0 |
_aHV1448. _bGEN 1997 |
| 050 | 0 | 0 |
_aHQ1587 _bSWE 1997 |
| 245 | 0 | 0 |
_aGender and poverty in the North / _cedited by Caroline Sweetman. |
| 260 |
_aOxford [England] : _bOxfam, _cc1997. |
||
| 300 |
_a72 pages : _billustrations ; _c25 cm. |
||
| 336 |
_atext _btxt _2rdacontent |
||
| 337 |
_aunmediated _bn _2rdamedia |
||
| 338 |
_avolume _bnc _2rdacarrier |
||
| 440 | 0 | _aOxfam focus on gender | |
| 500 | _aCover title. | ||
| 504 | _aIncludes bibliographical references. | ||
| 505 | _a. | ||
| 520 | _a. | ||
| 650 | 0 |
_aPoor women _zGreat Britain _xSocial conditions. |
|
| 650 | 0 |
_aPoor women _zGreat Britain _xEconomic conditions. |
|
| 651 | 0 |
_aGreat Britain _xSocial conditions _y20th century. |
|
| 700 | 1 |
_aSweetman, Caroline. _eeditor |
|
| 710 | 2 | _aOxfam. | |
| 856 | 4 | 2 |
_3Publisher description _uhttp://www.loc.gov/catdir/enhancements/fy1411/99217005-d.html |
| 856 | 4 | 2 |
_3Contributor biographical information _uhttp://www.loc.gov/catdir/enhancements/fy1411/99217005-b.html |
| 942 |
_2lcc _cBK _h1587 _iSWE _kHQ |
||
| 999 |
_c11741 _d11741 |
||